Η στρατηγική της επικοινωνίας : η τέχνη και η τεχνική του γραπτού και προφορικού λόγου
Αποθηκεύτηκε σε:
| Κύριος συγγραφέας: | |
|---|---|
| Μορφή: | Βιβλίο |
| Γλώσσα: | Greek |
| Δημοσίευση: |
Αθήνα :
Εκδόσεις Γρηγόρη,
1993
|
| Θέματα: | |
| Ετικέτες: |
Προσθήκη ετικέτας
Δεν υπάρχουν, Καταχωρήστε ετικέτα πρώτοι!
|
MARC
| LEADER | 00000nam a2200000 i 4500 | ||
|---|---|---|---|
| 001 | 1/36116 | ||
| 008 | 961112s1993 gre d | ||
| 020 | |a 960-333-039-6 | ||
| 035 | |a 1996 |c ΔΩΡΕΑ |l 10040154 | ||
| 040 | |a GR-MY-UA |b gre |e aacr | ||
| 041 | 0 | |a gre | |
| 082 | 0 | |a 401.4 | |
| 100 | 1 | |a Φραγκομίχαλος, Κωνσταντίνος Ε. | |
| 245 | 1 | 2 | |a Η στρατηγική της επικοινωνίας : |b η τέχνη και η τεχνική του γραπτού και προφορικού λόγου / |c Κώστας Ε. Φραγκομίχαλος |
| 260 | |a Αθήνα : |b Εκδόσεις Γρηγόρη, |c 1993 | ||
| 300 | |a 343 σ.; |c 25 cm. | ||
| 650 | 0 | 0 | |a Communication. |
| 650 | 0 | 0 | |a Languages in contact. |
| 650 | 0 | 0 | |a Greek language |x Study and teaching |z Greece. |
| 852 | |a INST |b SAMOS |e 19961112 |h 401.4 ΦΡΑ |p 005300009945 |q 005300009945 |t BK |y 0 | ||
| 909 | |a Σ |b 036131 | ||